000 00454nab a2200145Ia 4500
003 ES-SlBCS
005 20210601125233.0
008 140529s1974 xxu||||| |||| 00| 0 eng d
041 _aeng
100 1 _aGlossop, Ronald J.
_9155621
245 0 0 _aGood, Dog, and Naturalism in Ethics
_c Ronald J. Glossop
650 0 4 _aÉtica-Naturalismo
_9155797
773 0 _tPhilosophy and Phenomenological Research
_gvol. 34, 1974, págs. 437-439
_wRev1411
942 _cAR
999 _c527004
_d527004